Xây dựng đường ô tô

Giới thiệu các vấn đề chung về xây dựng đường ô tô; công tác làm đất trong xây dựng nền đường; phương pháp thi công nền đường; thi công nền đường trong các trường hợp đặc biệt; thi công các hạng mục khác và công tác nghiệm thu nền...

Celý popis

Uloženo v:
Podrobná bibliografie
Hlavní autor: Lã, Văn Chăm
Médium: Kniha
Jazyk:Undetermined
Vydáno: Hà Nội Giao thông Vận tải 2016
Témata:
Tagy: Přidat tag
Žádné tagy, Buďte první, kdo otaguje tento záznam!
Thư viện lưu trữ: Trung tâm Học liệu Trường Đại học Cần Thơ
LEADER 01017nam a2200217Ia 4500
001 CTU_239803
008 210402s9999 xx 000 0 und d
020 |c 45000 
082 |a 625.7 
082 |b Ch114 
100 |a Lã, Văn Chăm 
245 0 |a Xây dựng đường ô tô 
245 0 |c Lã Văn Chăm (Chủ biên) 
260 |a Hà Nội 
260 |b Giao thông Vận tải 
260 |c 2016 
520 |a Giới thiệu các vấn đề chung về xây dựng đường ô tô; công tác làm đất trong xây dựng nền đường; phương pháp thi công nền đường; thi công nền đường trong các trường hợp đặc biệt; thi công các hạng mục khác và công tác nghiệm thu nền đường... 
650 |a Xây dựng,Construction 
650 |x Công trình dân dụng,Civil engineering 
904 |i Hải 
980 |a Trung tâm Học liệu Trường Đại học Cần Thơ